EFFECT OF CHEMICAL AND ORGANIC FERTILIZER ON CHINESE KALE AT ROYAL UNIVERSITY OF AGRICULTURE(ឥទ្្ធិពលជីសរីរាង្គ និងជីគីំីទៅលើដំណាំខាត់ណាដើមនៅក្នុងសាលសាកលវិទ្យាល័យភូមិន្ធកសិកម្ម). (Record no. 927)

000 -LEADER
fixed length control field 00702nam a22001577a 4500
003 - CONTROL NUMBER IDENTIFIER
control field OSt
005 - DATE AND TIME OF LATEST TRANSACTION
control field 20150920164835.0
008 - FIXED-LENGTH DATA ELEMENTS--GENERAL INFORMATION
fixed length control field 150920b xxu||||| |||| 00| 0 eng d
040 ## - CATALOGING SOURCE
Transcribing agency RUA
082 ## - DEWEY DECIMAL CLASSIFICATION NUMBER
Classification number AGR OM 2006 BO33 Or.1
100 ## - MAIN ENTRY--PERSONAL NAME
9 (RLIN) 963
Personal name MO, DOPHEAK
245 ## - TITLE STATEMENT
Title EFFECT OF CHEMICAL AND ORGANIC FERTILIZER ON CHINESE KALE AT ROYAL UNIVERSITY OF AGRICULTURE(ឥទ្្ធិពលជីសរីរាង្គ និងជីគីំីទៅលើដំណាំខាត់ណាដើមនៅក្នុងសាលសាកលវិទ្យាល័យភូមិន្ធកសិកម្ម).
260 ## - PUBLICATION, DISTRIBUTION, ETC. (IMPRINT)
Place of publication, distribution, etc. PHNOM PHEN
Name of publisher, distributor, etc. RUA
Date of publication, distribution, etc. 29CM
300 ## - PHYSICAL DESCRIPTION
Extent XII,45P.
Other physical details ILL.
Dimensions 29CM.
942 ## - ADDED ENTRY ELEMENTS (KOHA)
Source of classification or shelving scheme
Koha item type AGR
Holdings
Price effective from Date last seen Permanent Location Not for loan Date acquired Source of classification or shelving scheme Koha item type Lost status Withdrawn status Total Renewals Date last checked out Total Checkouts Shelving location Damaged status Barcode Current Location Full call number
2015-09-202023-06-27Library Block B 2015-09-20 AGR  12023-05-3112B033 RUA002623Library Block BAGR OM 2006 BO33 Or.1
មជ្ឈមណ្ឌលឯការនៃសាកលវិទ្យាល័យភូមិន្ទកសិកម្មចំការដូង

Powered by Koha